000 00693nam a2200217Ii 4500
003 JO-AjNU
008 230605s9999||||xx |||||||||||||| ||und||
017 _a2008/12/3718
040 _aJO-AjNU
_bara
_erda
_cJO-AjNU
041 _aara
050 1 4 _aPJ7838 2009
100 3 _aسامح، خالد,
_eauthor
_949862
245 0 0 _aنافذة هروب: قصص
250 _aالطبعة العربية
264 3 1 _aعمان: دار اليازوري العلمية للنشر والتوزيع، 2009
300 _a80ص
336 _atext
_btxt
_2rdacontent
337 _aunmediated
_bn
_2rdamedia
338 _avolume
_bnc
_2rdacarrier
650 4 _aقصص قصيرة - عصر حديث
_949863
999 _aA21928
_c25496
_d25496